Would I Lie To You? - Statistics

General Stats
  • This quiz has been taken 102 times
  • The average score is 10 of 20
Answer Stats
Story Who? % Correct
This is the set of keys I carry around with me every day. I know what every single one is for, apart from one Lee Mack (Lie)
88%
As a teenager, I used to terrorise my neighbourhood with a game I invented called "Theft and Shrubbery" Bob Mortimer (True)
87%
I like pens. And I like to know where my pens are. For this reason, I have a three-point pen policy David Mitchell (True)
81%
I once invented a language so I could speak with my sister in secret. I even gave this language its own name. Greg Davies (True)
76%
I once accidentally bought a horse Kevin Bridges (True)
72%
I once paid for some tapas with a Nissan Micra Rhod Gilbert (True)
71%
I once spent a night in a bush in Basingstoke James Acaster (True)
69%
Name who the above person kissed Dermot O'Leary
67%
For three weeks, I was listed as a missing person by Interpol Henning Wehn (True)
64%
When I meet someone for the very first time I automatically make a mental note of what animal I think they are. Once it's in, I never forget it. Claudia Winkleman (Lie)
62%
I once had a snog with one of the people here on Would I Lie To You tonight Mel Giedroyc (True)
58%
What animal did the above person use to describe captain David Mitchell? Owl
33%
I was once unable to wave at Prince Charles because I was holding a wounded seagull Victoria Coren-Mitchell (True)
33%
What animal did the above person use to describe guest Rhod Gilbert? Puppy (Red Setter)
27%
What animal did the above person use to describe captain Lee Mack? Beaver
24%
What animal did the above person use to describe guest Jamie Laing? Ferret
24%
This is Zazie and we once had a trial together for a professional ladies' football team, but we didn't make the grade Miranda Hart (True)
23%
What animal did the above person use to describe guest Tracy-Ann Oberman? Cat
19%
When I'm feeling tired, I photograph myself to see how tired I look. I then compare it to other photographs I've taken to see how tired I actually am. Sarah Millican (True)
15%
What animal did the above person use to describe host Rob Brydon? Common cuckoo
12%
No matching quizzes found
Score Distribution
Percent of People with Each Score
Percentile by Number Answered
Your Score History
You have not taken this quiz